Ricostruisci la Carriera del Calciatore - Dani Alves - Statistics

Statistiche generali
  • Questo quiz è stato fatto 14 volte
  • Il punteggio medio è 6 su 9
Statistiche sulle risposte
Hint Risposta % Corretto
2008-2016 Barcellona
91%
2016-2017 Juventus
91%
2017-2019 Paris Saint-Germain
91%
2022-2023 Pumas UNAM
82%
2001-2002 Bahia
73%
2022 Barcellona
64%
2019-2021 San Paolo
55%
2002 Siviglia
45%
2003-2008 Siviglia
45%
Nessun quiz corrispondente trovato
Distribuzione punteggi
Percentuale di utenti per punteggio
Percentile per numero di risposta
I tuoi punteggi nel tempo
Non hai fatto questo quiz